000 01227cam a22003617a 4500
003 CHAP
005 20220329135845.0
008 971013s1975 r 00010 d
010 _a43375
011 _a44347
035 _a48485
040 _cCHAP
082 _a121.8
_bF7
100 0 0 _aFrondizi, Risieri.
_943557
245 1 3 _aEl hombre y los valores en la filosofía latinoamericana del siglo XX; antología
260 _aMéxico, D.F. :
_bFondo de Cultura Económica,
_c1975
300 _a333 p.
490 0 _aSección de obras de filosofía
590 _aBATCH-UPD
_b10
_c20130110
_lUCH01
_h0249
590 _aBATCH-UPD
_b10
_c20130110
_lUCH01
_h1604
590 _aBATCH-UPD
_b10
_c20130409
_lUCH01
_h2320
590 _aBATCH-UPD
_b10
_c20130410
_lUCH01
_h1339
590 _aBATCH-UPD
_b10
_c20130914
_lUCH01
_h1408
590 _aCONVERSION
_b10
_c20130109
_lUCH01
_h1324
650 1 4 _aAntropologia filosofica.
_96143
650 1 4 _aFilosofía latinoamericana.
_940906
650 1 4 _aValores (filosofía)
_9117673
700 0 _aGracia, Jorge J. E.
_950178
830 0 _aSección de obras de filosofía
_9103505
901 _aBK
942 _cLIBRO
949 _a121.8 F7
_bBC
_cLIBRO
_d33724000299525
_eLIBRO
_h40468
_i48485
_mD
_si
999 _c43375
_d43375